000 00743nam a2200217Ia 4500
008 140609s9999 xx 000 0 und d
020 _a9781438072845
050 _aPE 1128
_b.Sh5 2013
100 _aSharpe, Pamela J.
245 _aTOEFL iBT :
_binternet-based test /
_cPamela J. Sharpe
250 _a14th ed.
260 _aHauppauge, NY :
_bBarron’s,
_cc2013.
300 _a808 p. :
_bill. ;
_c28 cm.
_e+ 10 sound discs (digital ; 4 3/4 in).
500 _aIncludes glossary.
521 _aGE
650 _aEnglish language
_xExaminations --Study guides.
650 _aEnglish language
_xSound recordings for foreign speakers.
650 _aTest of English as a Foreign Language
_xStudy guides.
942 _kFOR
_cBK
999 _c117961
_d117961